Vista normal
Vista MARC
Entrada Nombre Personal
Número de registros utilizados en: 1
001 - NUMERO DE CONTROL
- control field: 27768
003 - IDENTIFICADOR DEL NÚMERO DE CONTROL
- control field: AR-RoUNA
005 - FECHA Y HORA DE LA ÚLTIMA TRANSACCIÓN
- control field: 20260605112246.0
008 - ELEMENTOS DE DATOS DE LONGITUD FIJA
- fixed length control field: 260605|| aca||aabn | a|a d
040 ## - FUENTE DE CATALOGACIÓN
- Original cataloging agency: AR-RoUNA
- Transcribing agency: AR-RoUNA
100 ## - ENCABEZADO--NOMBRE PERSONAL
- Nombre personal: Sardina, Serafín
670 ## - FUENTE EN LA QUE SE LOCALIZARON DATOS
- Cita fuente: Work cat.: (AR-RoUNA)12457: 6317 Ezquiaga Dominguez, Jose Maria, Proyecto de Ley de Medidas de Politica Territorial, suelo y urbanismo de la comuidad de Madrid, 1994.